Principles of organizational behavior : (Record no. 12604)

MARC details
000 -LEADER
fixed length control field 00827nam a22002537i 4500
003 - CONTROL NUMBER IDENTIFIER
control field URS
005 - DATE AND TIME OF LATEST TRANSACTION
control field 20220117150856.0
020 ## - INTERNATIONAL STANDARD BOOK NUMBER
International Standard Book Number 9781111969707
040 ## - CATALOGING SOURCE
Original cataloging agency URS
Language of cataloging eng
Transcribing agency URS
050 00 - LIBRARY OF CONGRESS CALL NUMBER
Classification number HD 58.7
Item number .Q403 2013
100 1# - MAIN ENTRY--PERSONAL NAME
Personal name Quick, James Campbell
Relator term author.
245 10 - TITLE STATEMENT
Title Principles of organizational behavior :
Remainder of title realities and challenges /
Statement of responsibility, etc. James Campbell Quick, Debra L. Nelson
250 ## - EDITION STATEMENT
Edition statement Eighth edition
264 #1 - PRODUCTION, PUBLICATION, DISTRIBUTION, MANUFACTURE, AND COPYRIGHT NOTICE
Place of production, publication, distribution, manufacture Australia :
Name of producer, publisher, distributor, manufacturer South-Westerne Cengage Learning,
Date of production, publication, distribution, manufacture, or copyright notice [2013]
264 #4 - PRODUCTION, PUBLICATION, DISTRIBUTION, MANUFACTURE, AND COPYRIGHT NOTICE
Date of production, publication, distribution, manufacture, or copyright notice ©2013
300 ## - PHYSICAL DESCRIPTION
Extent xxxiv, 765 pages :
Other physical details colour illustrations ;
Dimensions 28 cm
336 ## - CONTENT TYPE
Content type term text
Content type code txt
Source rdacontent
337 ## - MEDIA TYPE
Media type term unmediated
Media type code n
Source rdamedia
338 ## - CARRIER TYPE
Carrier type term volume
Carrier type code nc
Source rdacarrier
504 ## - BIBLIOGRAPHY, ETC. NOTE
Bibliography, etc. note Includes index.
650 #0 - SUBJECT ADDED ENTRY--TOPICAL TERM
Topical term or geographic name entry element Organizational behavior
650 #0 - SUBJECT ADDED ENTRY--TOPICAL TERM
Topical term or geographic name entry element Organizational behavior
General subdivision Case studies
942 ## - ADDED ENTRY ELEMENTS (KOHA)
Koha item type Reserved Books
Source of classification or shelving scheme Library of Congress Classification
Holdings
Withdrawn status Source of classification or shelving scheme Damaged status Not for loan Collection code Home library Current library Shelving location Date acquired Source of acquisition Cost, normal purchase price Total Checkouts Full call number Barcode Date last seen Price effective from Koha item type
  Library of Congress Classification     Non-fiction Tanay College Library Tanay College Library Reserve Section 01/20/2016 Purchase 9212.00   HD58.7 .Q403 2013 URSTAN-N2144 03/24/2017 01/20/2016 Reserved Books

University of Rizal System
Email us at univlibservices@urs.edu.ph

Visit our Website www.urs.edu.ph/library